MARC

LEADER 00000nam0a2200000 4500
001 125755
005 20231031131451.0
010 |a 5255006270 
020 |a RU  |b 91-57707 
035 |a (RuTPU)RU\TPU\book\136068 
090 |a 125755 
100 |a 20071120d1991 km y0rusy5003 ca 
101 1 |a rus  |c bul 
102 |a RU 
105 |a y z 000zy 
200 1 |a Новая кухня  |e Пер. с болг.  |f А. Чаушев, Н. Чаушев 
210 |a Москва  |c Профиздат  |d 1991 
215 |a 142,[1] с. 
610 1 |a национальные блюда 
610 1 |a кулинария 
610 1 |a рецептура 
610 1 |a Болгария 
675 |a 641  |z rus 
700 1 |a Чаушев  |b А.  |g Арсен  |4 070 
701 1 |a Чаушев  |b Н.  |g Недко  |4 070 
801 0 |a RU  |b RuMRKP  |c 19950417  |g psbo 
801 1 |a RU  |b 63413507  |c 20071120  |g PSBO 
801 2 |a RU  |b 63413507  |c 20080929  |g PSBO 
942 |c BK